LEADER 01247nam0 22003131i 450 001 SUN0046543 005 20070917120000.0 010 $a88-15-07281-0 020 $aIT$b2001 3641 100 $a20060622d2000 |0itac50 ba 101 $aita 102 $aIT 105 $a|||| ||||| 200 1 $aAdolescenti e devianza$ela gestione collettiva della reputazione$fNicholas Emler, Stephen Reicher$ga cura di Augusto Palmonari 210 $aBologna$cIl mulino$dc2000 215 $aXXI, 378 p.$d22 cm. 410 1$1001SUN0003835$12001 $aStudi e ricerche$v449$1210 $aBologna$cIl mulino. 620 $dBologna$3SUNL000003 676 $a364.36$v21 700 1$aEmler$b, Nicholas$3SUNV037156$0254662 701 1$aReicher$b, Stephen$3SUNV037157$0254663 702 1$aPalmonari$b, Augusto$3SUNV012096 712 $aIl mulino$3SUNV000011$4650 801 $aIT$bSOL$c20181109$gRICA 912 $aSUN0046543 950 $aUFFICIO DI BIBLIOTECA DEL DIPARTIMENTO DI PSICOLOGIA$d16 CONS 3207 $e16 VS 379 995 $aUFFICIO DI BIBLIOTECA DEL DIPARTIMENTO DI PSICOLOGIA$bIT-CE0119$gVS$h379$kCONS 3207$oc$qa 996 $aAdolescenti e devianza$9663701 997 $aUNICAMPANIA